El principio de todas las cosas: ciencia y religión

Saved in:
Bibliografiske detaljer
Hovedforfatter: Küng, Hans (Author)
Format: Bog
Sprog:spansk
Udgivet: Madrid Trotta 2005
Serier:Colección Estructuras y Procesos. Serie Religión
Fag:
Tags: Tilføj Tag
Ingen Tags, Vær først til at tagge denne postø!

MARC

LEADER 00000nam a2200000 a 4500
001 UCI5356
003 CL-VaPUC
008 080320e20050000SP |||||||||||||||||spa|d
020 |a 9788481648911 
082 0 4 |a 231.765  |b KUN  |2 21 
100 |a Küng, Hans  |e author  |9 416134 
245 1 3 |a El principio de todas las cosas: ciencia y religión 
300 |a 224 p 
942 |c BK 
945 |d 20080320 00:00:00  |a jtorresc 
260 |a Madrid  |b Trotta  |c 2005 
600 0 |a Dios  |9 314467 
650 0 |a Creación   |9 313344 
650 0 |a Religión y ciencia  |9 314470 
650 7 |a HUMANIDAD  |2 CL-VaPUC  |9 309969 
650 0 |a Racionalismo  |9 259116 
650 0 |a Fe cristiana  |9 527676 
650 0 |a Filosofía   |9 223554 
650 0 |a Teología   |9 258766 
583 |a last modification  |c 20080320 00:00:00  |k Rodrigo Vera 
490 0 |a Colección Estructuras y Procesos. Serie Religión 
999 |c 329108  |d 329106 
952 |0 0  |1 0  |4 0  |6 231_765000000000000_KUN_2005  |7 0  |8 A  |9 413436  |a BIBEDU  |b BIBEDU  |d 2019-11-22  |i 4418662  |o 231.765 KUN 2005  |p 4418662  |r 2019-11-22  |w 2019-11-22  |y BK  |k FIL